Khát vọng sống Tiểu thuyết

Đã lưu trong:
Sonraí Bibleagrafaíochta
Príomhúdar: Xtôun, Irving
Formáid: Leabhar
Clibeanna: Cuir Clib Leis
Gan Chlibeanna, Bí ar an gcéad duine leis an taifead seo a chlibeáil!
Thư viện lưu trữ: Mạng thư viện Đại học Đà Nẵng
LEADER 00822nam a2200229 4500
001 000004476
003 615
005 20150812140800.0
008 110720s sd
082 1 |a 823  |b XTO 
100 0 |a Xtôun, Irving 
245 0 0 |a Khát vọng sống  |b Tiểu thuyết  |c Irving Xtôun ; Vũ Đình Bình dịch ; Vương Trí Nhàn giới thiệu 
774 |a Xtôun, Irving  |d Tác phẩm mới  |d H.  |d 1986  |g T. 1  |h 399tr  |n Dịch từ bản tiếng NgaL Jajđa Jyzni  |w 618 
774 |a Xtôun, Irving  |d Tác phẩm mới  |d H.  |d 1986  |g T.2  |h 406tr  |n Dịch từ bản tiếng NgaL Jajđa Jyzni  |w 619 
OWN |a LSP 
999 |a From the UDN01 
TYP |a Monograph 
TYP |a Printed language 
980 |a Mạng thư viện Đại học Đà Nẵng